000 00588nam a22001937a 4500
005 20251108171926.0
008 250721s9999 xx 000 0 ara d
082 1 4 _aط/540/كوت
100 1 _aكوتون، ألبرت
245 1 0 _aالكيمياء :
_bنهج إستقصائي /
264 1 _aعمان :
_bالجمعية العلمية الملكية،
300 _a200ص
650 1 7 _aالكيمياء
700 1 _aدارلغتون، ليردى
700 1 _aلنش، لورانس
700 1 _aالريحاني، جريس
_eترجمة
942 _2ddc
_cBK
999 _c66100
_d66100